Cartoon Characters by Color Blocks - Statistics

General Stats
  • This quiz has been taken 5 times
  • The average score is 4 of 13
Answer Stats
Picture Answer % Correct
Daphne Blake
100%
Lois Griffin
60%
Marge Simpson
60%
Spongebob
60%
Ferb Flynn-Fletcher
40%
She-Ra
40%
Blossom
20%
Cinderella
20%
Dot Warner
0%
Luz Noceda
0%
Mabel Pines
0%
Pinky (Pinky & the Brain)
0%
Tina Belcher
0%
No matching quizzes found
Score Distribution
Percent of People with Each Score
Percentile by Number Answered
Your Score History
You have not taken this quiz